Tell me Where (Record no. 4914)

MARC details
000 -LEADER
fixed length control field 00213nam a22000857a 4500
008 - FIXED-LENGTH DATA ELEMENTS--GENERAL INFORMATION
fixed length control field 161213b xxu||||| |||| 00| 0 eng d
020 ## - INTERNATIONAL STANDARD BOOK NUMBER
International Standard Book Number 9788183414814
100 ## - MAIN ENTRY--PERSONAL NAME
9 (RLIN) 2039
Personal name Rohan Book
245 ## - TITLE STATEMENT
Title Tell me Where
260 ## - PUBLICATION, DISTRIBUTION, ETC. (IMPRINT)
Place of publication, distribution, etc. New Delhi
Name of publisher, distributor, etc. Rohan Book
Date of publication, distribution, etc. 2012
Holdings
Withdrawn status Lost status Source of classification or shelving scheme Damaged status Koha normalized classification for sorting Not for loan Home library Current library Shelving location Date acquired Total Checkouts Full call number Barcode Date last seen Date last checked out Price effective from Koha item type
    Dewey Decimal Classification   ROH_500_000000000000000_B9   Good Samaritan School Library Good Samaritan School Library Science 12/13/2016 3 ROH500 B-9 ROH11990 08/22/2017 08/14/2017 12/13/2016 BOOK

Powered by Koha